Spotreba vody na Spiši poklesla oproti minulosti takmer o polovicu

Bibliographic Details
Main Author: Toporcerová, Monika, 1972 (Author)
Format: Article
Language:Slovak
Subjects:

MARC

LEADER 00000nab a2200000 a 4500
001 vtls001015339
003 SK-MaSNL
005 20260305040257.0
008 170922e19980407xo 0 slo
035 |a SN1291 
040 |a SNSK  |b slo  |c SNSK  |e AACR2 
041 0 |a slo 
044 |a xo  |c SK 
080 |a 696.11  |2 1981 
080 |a 628.1  |2 1981 
080 |a 31  |2 1981 
100 1 |a Toporcerová, Monika,  |d 1972  |4 aut  |9 769145 
245 1 0 |a Spotreba vody na Spiši poklesla oproti minulosti takmer o polovicu 
300 |b 1 foto 
650 0 7 |a voda pitná  |2 SNSK  |9 876771 
650 0 7 |a spotreba  |2 SNSK  |9 300790 
650 0 7 |a štatistiky  |2 SNSK  |9 266085 
651 7 |a Spišská Nová Ves (Slovensko : okres)  |2 SNSK  |9 22259 
651 7 |a Gelnica (Slovensko : okres)  |2 SNSK  |9 168677 
651 7 |a SN,  |2 SNSK  |9 1021277 
655 7 |a periodikum  |2 snkbucl  |9 29553 
773 0 8 |t Spišský kuriér  |g Roč. 7, č.14, 7.4.1998, s. 3 
852 |a ZVYKNI  |b KIS3GCP 
999 |c 3337621  |d 3339551